00925cam a22002291 450000100060000000300080000600500170001400800410003103500190007204000230009104100080011408200220012210000260014424501000017026000340027030000250030465000520032994200120038199900170039395201430041095201420055336096BD-RjUL20211209052432.0140616s1965 nyu 000 0 eng  a(BD-RjUL)36193 aDLCcDLCdDLCbeng aeng bKAG 1965a320.9381 aKagan, Donald910986914aThe great dialogue :bhistory of Greek political thought from Homer to Polubius /cDonald Kagan aNew York :bFree Press,c1965 axi. 274 p. ;b22 cm. aPolitical science z Greece x History.9151437 2ddccBK c36096d36096 00102ddc40718NFICaRUCLbRUCLcReadingd1967-03-27ePAK AMERICANg29.75l0o320.938 KAG 1965r2014-06-16 00:00:00tC-1w2021-12-09yBK 00102ddc40708NFICaRUCLbRUCLcStackd1967-03-29e PAK AMERICANg20.75l0o320.938 KAG 1965r2016-08-23 00:00:00tC-2w2016-08-23yBK